Populační ekonomie a její důsledky pro účinnost pronatalitních politik

Saved in:
Bibliographic Details
Main Author: Loužek, Marek
Format: Book
Language:Czech
Published: Praha CEP - Centrum pro ekonomiku a politiku 2004
Subjects:
Tags: Add Tag
No Tags, Be the first to tag this record!

MARC

LEADER 00000nam$a2200000$$$4500
001 0058775
005 20240306141609.9
020 |a 80-86547-35-3 
041 0 |a cze 
044 |a CZ 
245 1 0 |a Populační ekonomie a její důsledky pro účinnost pronatalitních politik  |c Marek Loužek 
264 1 |a Praha  |b CEP - Centrum pro ekonomiku a politiku  |c 2004 
300 |a 152 s. 
610 2 0 |a populácia 
610 2 0 |a demografia 
610 2 0 |a vývoj populačný 
610 2 0 |a politika populačná 
100 1 |a Loužek, Marek